Statistics for 20 Biggest Airports in Canada

Click here to take the quiz!

General Stats

  • This quiz has been taken 675 times
    (380 since last reset)
  • The average score is 16 of 20

Answer Stats

ProvinceAirport% Correct
OntarioBilly Bishop Toronto City Airport
100%
OntarioToronto Pearson International Airport
100%
British ColumbiaVancouver International Airport
99%
QuebecMontreal-Pierre Elliott Trudeau International Airport
97%
AlbertaCalgary International Airport
95%
AlbertaEdmonton International Airport
95%
QuebecQuebec City Jean Lesage International Airport
90%
OntarioOttawa Macdonald-Cartier International Airport
89%
Nova ScotiaHalifax Stanfield International Airport
88%
ManitobaWinnipeg James Armstrong Richardson International Airport
88%
British ColumbiaVictoria International Airport
83%
SaskatchewanSaskatoon John G. Diefenbaker International Airport
79%
Newfoundland and LabradorSt. John's International Airport
76%
SaskatchewanRegina International Airport
74%
OntarioJohn C. Munro Hamilton International Airport
63%
OntarioLondon International Airport
61%
British ColumbiaKelowna International Airport
55%
OntarioThunder Bay International Airport
51%
New BrunswickGreater Moncton Romeo LeBlanc International Airport
50%
British ColumbiaAbbotsford International Airport
36%

Score Distribution

Percentile by Number Answered

Percent of People with Each Score

Your Score History

You have not taken this quiz since the last reset